000 00573nam a2200133Ia 4500
008 150609s9999 xx 000 0 und d
050 _aRG 556.5 .G669 2015
_b.G669 2015
100 _aGonzales, Paolo.
245 4 _aThe impact of the lived experiences of being a ttenage mother on their self-concept /
_cPaolo Gonzales, Karina Jaranilla, Christine Llamera, Ronald Suayan.
260 _aLas PiƱas, Philippines :
_bSISC,
_c2015.
300 _a73 pages :
_billustrations ;
_c28 cm.
500 _aIncludes bibliographical references and appendices.
650 _aTeenage pregnancy
999 _c285009
_d285009